<?xml version="1.0" encoding="UTF-8"?>
<collection xmlns="http://www.loc.gov/MARC21/slim">
 <record>
  <leader>03207cam a2200721   4500</leader>
  <controlfield tag="001">1122896832</controlfield>
  <controlfield tag="003">DE-627</controlfield>
  <controlfield tag="005">20240817193454.0</controlfield>
  <controlfield tag="007">tu</controlfield>
  <controlfield tag="008">960703s1995    sw ||||| m    00| ||swe c</controlfield>
  <datafield tag="020" ind1=" " ind2=" ">
   <subfield code="a">9179663370</subfield>
   <subfield code="9">91-7966-337-0</subfield>
  </datafield>
  <datafield tag="035" ind1=" " ind2=" ">
   <subfield code="a">(DE-627)1122896832</subfield>
  </datafield>
  <datafield tag="035" ind1=" " ind2=" ">
   <subfield code="a">(DE-576)052896838</subfield>
  </datafield>
  <datafield tag="035" ind1=" " ind2=" ">
   <subfield code="a">(DE-599)BSZ052896838</subfield>
  </datafield>
  <datafield tag="035" ind1=" " ind2=" ">
   <subfield code="a">(OCoLC)845074828</subfield>
  </datafield>
  <datafield tag="035" ind1=" " ind2=" ">
   <subfield code="a">(OCoLC)186602802</subfield>
  </datafield>
  <datafield tag="035" ind1=" " ind2=" ">
   <subfield code="a">(DE-604)8106262688</subfield>
  </datafield>
  <datafield tag="040" ind1=" " ind2=" ">
   <subfield code="a">DE-627</subfield>
   <subfield code="b">ger</subfield>
   <subfield code="c">DE-627</subfield>
   <subfield code="e">rakwb</subfield>
  </datafield>
  <datafield tag="041" ind1=" " ind2=" ">
   <subfield code="a">swe</subfield>
  </datafield>
  <datafield tag="044" ind1=" " ind2=" ">
   <subfield code="c">XA-SE</subfield>
  </datafield>
  <datafield tag="050" ind1=" " ind2="0">
   <subfield code="a">NB1910</subfield>
  </datafield>
  <datafield tag="084" ind1=" " ind2=" ">
   <subfield code="a">9,10</subfield>
   <subfield code="2">ssgn</subfield>
  </datafield>
  <datafield tag="084" ind1=" " ind2=" ">
   <subfield code="a">LO 68450</subfield>
   <subfield code="2">rvk</subfield>
   <subfield code="0">(DE-625)rvk/104156:</subfield>
  </datafield>
  <datafield tag="100" ind1="1" ind2=" ">
   <subfield code="a">Liepe, Lena</subfield>
   <subfield code="d">1962-</subfield>
   <subfield code="0">(DE-588)137152787</subfield>
   <subfield code="0">(DE-627)59034076X</subfield>
   <subfield code="0">(DE-576)175550883</subfield>
   <subfield code="4">aut</subfield>
  </datafield>
  <datafield tag="245" ind1="1" ind2="4">
   <subfield code="a">Den medeltida träskulpturen i Skåne</subfield>
   <subfield code="b">produktion och förärv</subfield>
   <subfield code="c">av Lena Liepe</subfield>
  </datafield>
  <datafield tag="264" ind1=" " ind2="1">
   <subfield code="a">Lund</subfield>
   <subfield code="b">Lund Univ. Press</subfield>
   <subfield code="c">1995</subfield>
  </datafield>
  <datafield tag="300" ind1=" " ind2=" ">
   <subfield code="a">322 S.</subfield>
   <subfield code="b">zahlr. Ill.</subfield>
  </datafield>
  <datafield tag="336" ind1=" " ind2=" ">
   <subfield code="a">Text</subfield>
   <subfield code="b">txt</subfield>
   <subfield code="2">rdacontent</subfield>
  </datafield>
  <datafield tag="337" ind1=" " ind2=" ">
   <subfield code="a">ohne Hilfsmittel zu benutzen</subfield>
   <subfield code="b">n</subfield>
   <subfield code="2">rdamedia</subfield>
  </datafield>
  <datafield tag="338" ind1=" " ind2=" ">
   <subfield code="a">Band</subfield>
   <subfield code="b">nc</subfield>
   <subfield code="2">rdacarrier</subfield>
  </datafield>
  <datafield tag="490" ind1="1" ind2=" ">
   <subfield code="a">Skånsk senmedeltid och renässans</subfield>
   <subfield code="v">14</subfield>
  </datafield>
  <datafield tag="500" ind1=" " ind2=" ">
   <subfield code="a">Mit engl. Zsfassung</subfield>
  </datafield>
  <datafield tag="502" ind1=" " ind2=" ">
   <subfield code="a">Zugl.: Lund, Univ., Diss., 1995</subfield>
  </datafield>
  <datafield tag="583" ind1="1" ind2=" ">
   <subfield code="a">Archivierung prüfen</subfield>
   <subfield code="c">20200919</subfield>
   <subfield code="f">DE-640</subfield>
   <subfield code="z">1</subfield>
   <subfield code="2">pdager</subfield>
  </datafield>
  <datafield tag="583" ind1="1" ind2=" ">
   <subfield code="a">Archivierung/Langzeitarchivierung gewährleistet</subfield>
   <subfield code="f">SSG</subfield>
   <subfield code="x">XA-DE-BW</subfield>
   <subfield code="2">pdager</subfield>
   <subfield code="5">DE-16</subfield>
  </datafield>
  <datafield tag="653" ind1=" " ind2="0">
   <subfield code="a">Sculpture, Medieval</subfield>
   <subfield code="a">Sweden</subfield>
   <subfield code="a">Skåne</subfield>
  </datafield>
  <datafield tag="653" ind1=" " ind2="0">
   <subfield code="a">Sculpture, Swedish</subfield>
   <subfield code="a">Sweden</subfield>
   <subfield code="a">Skåne</subfield>
  </datafield>
  <datafield tag="653" ind1=" " ind2="0">
   <subfield code="a">Wood-carving, Medieval</subfield>
   <subfield code="a">Sweden</subfield>
   <subfield code="a">Skåne</subfield>
  </datafield>
  <datafield tag="653" ind1=" " ind2="0">
   <subfield code="a">Wood-carving</subfield>
   <subfield code="a">Sweden</subfield>
   <subfield code="a">Skåne</subfield>
   <subfield code="a">History</subfield>
  </datafield>
  <datafield tag="655" ind1=" " ind2="7">
   <subfield code="a">Hochschulschrift</subfield>
   <subfield code="0">(DE-588)4113937-9</subfield>
   <subfield code="0">(DE-627)105825778</subfield>
   <subfield code="0">(DE-576)209480580</subfield>
   <subfield code="2">gnd-content</subfield>
  </datafield>
  <datafield tag="689" ind1="0" ind2="0">
   <subfield code="d">g</subfield>
   <subfield code="0">(DE-588)4053191-0</subfield>
   <subfield code="0">(DE-627)106168282</subfield>
   <subfield code="0">(DE-576)20910256X</subfield>
   <subfield code="a">Schonen</subfield>
   <subfield code="2">gnd</subfield>
  </datafield>
  <datafield tag="689" ind1="0" ind2="1">
   <subfield code="d">s</subfield>
   <subfield code="0">(DE-588)4072608-3</subfield>
   <subfield code="0">(DE-627)10609470X</subfield>
   <subfield code="0">(DE-576)209187581</subfield>
   <subfield code="a">Holzplastik</subfield>
   <subfield code="2">gnd</subfield>
  </datafield>
  <datafield tag="689" ind1="0" ind2="2">
   <subfield code="a">z</subfield>
   <subfield code="2">gnd</subfield>
   <subfield code="a">Geschichte 1100-1500</subfield>
  </datafield>
  <datafield tag="689" ind1="0" ind2=" ">
   <subfield code="5">DE-101</subfield>
  </datafield>
  <datafield tag="689" ind1="1" ind2="0">
   <subfield code="d">g</subfield>
   <subfield code="0">(DE-588)4053191-0</subfield>
   <subfield code="0">(DE-627)106168282</subfield>
   <subfield code="0">(DE-576)20910256X</subfield>
   <subfield code="a">Schonen</subfield>
   <subfield code="2">gnd</subfield>
  </datafield>
  <datafield tag="689" ind1="1" ind2="1">
   <subfield code="d">s</subfield>
   <subfield code="0">(DE-588)4072608-3</subfield>
   <subfield code="0">(DE-627)10609470X</subfield>
   <subfield code="0">(DE-576)209187581</subfield>
   <subfield code="a">Holzplastik</subfield>
   <subfield code="2">gnd</subfield>
  </datafield>
  <datafield tag="689" ind1="1" ind2="2">
   <subfield code="a">z</subfield>
   <subfield code="2">gnd</subfield>
   <subfield code="a">Geschichte 1050-1500</subfield>
  </datafield>
  <datafield tag="689" ind1="1" ind2=" ">
   <subfield code="5">(DE-627)</subfield>
  </datafield>
  <datafield tag="751" ind1=" " ind2=" ">
   <subfield code="a">Lund</subfield>
   <subfield code="0">(DE-588)4036646-7</subfield>
   <subfield code="0">(DE-627)106241494</subfield>
   <subfield code="0">(DE-576)209019654</subfield>
   <subfield code="4">uvp</subfield>
  </datafield>
  <datafield tag="787" ind1="0" ind2="8">
   <subfield code="i">Rezension</subfield>
   <subfield code="a">Lutz, Gerhard, 1965 - </subfield>
   <subfield code="t">[Rezension von: Carina Jacobsson, Höggotisk träskulptur i gamla Linköpings stif - Lena Liepe, Den medeltida träskulpturen i Skåne]</subfield>
   <subfield code="d">1998</subfield>
   <subfield code="w">(DE-627)154051143X</subfield>
   <subfield code="w">(DE-576)470511435</subfield>
  </datafield>
  <datafield tag="830" ind1=" " ind2="0">
   <subfield code="a">Skånsk senmedeltid och renässans</subfield>
   <subfield code="v">14</subfield>
   <subfield code="9">14</subfield>
   <subfield code="w">(DE-627)129634034</subfield>
   <subfield code="w">(DE-576)9129634032</subfield>
   <subfield code="w">(DE-600)251500-3</subfield>
   <subfield code="x">0560-1878</subfield>
   <subfield code="7">ns</subfield>
  </datafield>
  <datafield tag="889" ind1=" " ind2=" ">
   <subfield code="w">(DE-627)19105125X</subfield>
  </datafield>
  <datafield tag="935" ind1=" " ind2=" ">
   <subfield code="i">mdedup</subfield>
  </datafield>
  <datafield tag="936" ind1="r" ind2="v">
   <subfield code="a">LO 68450</subfield>
   <subfield code="b">Mittelalter (-1500)</subfield>
   <subfield code="k">Kunstgeschichte</subfield>
   <subfield code="k">Kunst nach Ländern bzw. Kontinenten</subfield>
   <subfield code="k">Skandinavien</subfield>
   <subfield code="k">Skandinavische Kunstgeschichte nach Gattungen</subfield>
   <subfield code="k">Skulptur (Plastik)</subfield>
   <subfield code="k">Ordnung nach Epochen</subfield>
   <subfield code="k">Mittelalter (-1500)</subfield>
   <subfield code="0">(DE-627)1271250934</subfield>
   <subfield code="0">(DE-625)rvk/104156:</subfield>
   <subfield code="0">(DE-576)201250934</subfield>
  </datafield>
  <datafield tag="951" ind1=" " ind2=" ">
   <subfield code="a">BO</subfield>
  </datafield>
  <datafield tag="990" ind1=" " ind2=" ">
   <subfield code="a">Schonen</subfield>
  </datafield>
  <datafield tag="990" ind1=" " ind2=" ">
   <subfield code="a">Holzplastik</subfield>
  </datafield>
  <datafield tag="990" ind1=" " ind2=" ">
   <subfield code="a">Geschichte 1100-1500</subfield>
  </datafield>
  <datafield tag="990" ind1=" " ind2=" ">
   <subfield code="a">Schonen</subfield>
  </datafield>
  <datafield tag="990" ind1=" " ind2=" ">
   <subfield code="a">Holzplastik</subfield>
  </datafield>
  <datafield tag="990" ind1=" " ind2=" ">
   <subfield code="a">Geschichte 1050-1500</subfield>
  </datafield>
  <datafield tag="991" ind1=" " ind2=" ">
   <subfield code="a">Rezensiertes Werk</subfield>
  </datafield>
  <datafield tag="999" ind1=" " ind2=" ">
   <subfield code="a">KXP-PPN1122896832</subfield>
   <subfield code="e">4012645692</subfield>
  </datafield>
 </record>
</collection>
